Shandong Province Quiz - Statistics

General Stats
  • This quiz has been taken 60 times
    56 since last reset
  • The average score is 10 of 13
Answer Stats
Hint Answer % Correct
Capital Ji{nan}
93%
City that was formerly known as Tsingtao and occupied by Germany 1898-1914 Qingdao
91%
Shandong borders this sea Yellow Sea
91%
"Shan" means "Mountains". What does Shandong mean? {East} of the Mountains
89%
The Treaty of Versailles conferred Shandong to this country 1918-22 Japan
87%
Kind of beverage that is famously produced in the same city Beer
85%
Philosopher born here who served as minister of crime in the state of Lu Confucius
85%
Dai Miao is an important temple of this religion Taoism
78%
Some six million people died due to this disaster around 1960, probably the deadliest of its kind in history Great Chinese Famine
72%
1899-1901 insurrection against imperialist forces. Many martial artists joined. Boxer Rebellion
67%
Many statues of an important religious figure are carved into this hill Thosuand {Buddha} Mountain
57%
Peninsula that lies opposite Shandong peninsula Korea
54%
Rongcheng was a model city for this project where people are rated based on their behavior Social Credit System
52%
No matching quizzes found
Score Distribution
Percent of People with Each Score
Percentile by Number Answered
Your Score History
You have not taken this quiz since the last reset